Giáo trình cơ học chất lỏng
Trình bày các đặc tính của chất lỏng, thuỷ tĩnh học, sự nổi và cân bằng trong chất lỏng, chất lỏng trong những bình chứa chuyển động...
Αποθηκεύτηκε σε:
| Κύριος συγγραφέας: | |
|---|---|
| Μορφή: | Βιβλίο |
| Γλώσσα: | Undetermined |
| Έκδοση: |
Hà Nội
Xây dựng
2018
|
| Θέματα: | |
| Ετικέτες: |
Προσθήκη ετικέτας
Δεν υπάρχουν, Καταχωρήστε ετικέτα πρώτοι!
|
| Thư viện lưu trữ: | Trung tâm Học liệu Trường Đại học Cần Thơ |
|---|
| LEADER | 00799nam a2200205Ia 4500 | ||
|---|---|---|---|
| 001 | CTU_230970 | ||
| 008 | 210402s9999 xx 000 0 und d | ||
| 020 | |c 106000 | ||
| 082 | |a 532.0071 | ||
| 082 | |b Th455 | ||
| 100 | |a Nguyễn, Thống | ||
| 245 | 0 | |a Giáo trình cơ học chất lỏng | |
| 245 | 0 | |c Nguyễn Thống, Trần Thanh Thảo | |
| 260 | |a Hà Nội | ||
| 260 | |b Xây dựng | ||
| 260 | |c 2018 | ||
| 520 | |a Trình bày các đặc tính của chất lỏng, thuỷ tĩnh học, sự nổi và cân bằng trong chất lỏng, chất lỏng trong những bình chứa chuyển động... | ||
| 650 | |a Cơ học chất lỏng,Fluid mechanics | ||
| 910 | |b nthai | ||
| 980 | |a Trung tâm Học liệu Trường Đại học Cần Thơ | ||